Sehenswürdigkeiten in Wien - Statistiken

Allgemein
  • Dieses Quiz wurde 92 mal gespielt
  • Das Durchschnittsergebnis liegt bei 11 aus 16
Antwortstatistiken
Bildquiz Antwort % Korrekt
Stephansdom
95%
Wiener Prater
91%
Schloss Schönbrunn
90%
Spanische Hofreitschule
80%
Hundertwasserhaus
78%
Wiener Rathaus
76%
Parlamentsgebäude
70%
Naschmarkt
68%
Hofburg
65%
Wiener Staatsoper
64%
Donauturm
61%
Votivkirche
49%
Burgtheater
46%
Naturhistorisches Museum
45%
Kunsthistorisches Museum
44%
Palmenhaus
41%
Keine übereinstimmenden Quizze gefunden
Verteilung der Resultate
Anzahl Personen mit jedem Resultat
Perzentil nach korrekt beantworteten Fragen
Ihre Resultats-Entwicklung
Sie haben dieses Quiz noch nicht gespielt